000 01150cam a2200337 i 4500
001 4139264
003 ARRUPE
005 20150521131241.0
008 771109s1978 njua b 001 0 eng
010 _a 77018003
020 _a0391007602
040 _aDLC
_cDLC
_dDLC
041 1 _aeng
_hfre
050 0 0 _aQB36.G2
_bK6813 1978
082 0 0 _a509/.2/4
100 1 _aKoyré, Alexandre,
_d1892-1964.
_917214
240 1 0 _aÉtudes galiléennes.
_lEnglish
245 1 0 _aGalileo studies /
_cAlexandre Koyré ; translated from the French by John Mepham.
260 _aAtlantic Highlands, N.J. :
_bHumanities Press,
_c1978.
300 _a278 p. :
_bill. ;
_c24 cm.
440 0 _aEuropean philosophy and the human sciences
_917224
500 _aTranslation of Études galiléennes.
504 _aIncludes bibliographical references and index.
600 1 0 _aGalilei, Galileo,
_d1564-1642.
_911368
600 1 0 _aDescartes, Rene,
_d1596-1650.
_94894
650 0 _aDynamics.
_917225
650 0 _aScience
_xPhilosophy.
_917226
700 _aMepham, John
_etr.
_917911
906 _a7
_bcbc
_corignew
_d1
_eocip
_f19
_gy-gencatlg
942 _2lcc
_cMONOGRAPH
999 _c122679
_d122679